| 000 | 01054nam a22002777a 4500 | ||
|---|---|---|---|
| 001 | BD-DhSAU 9156 | ||
| 003 | BD-DhSAU | ||
| 005 | 20181208112113.0 | ||
| 008 | 150613b2009 bg a|||| m||| 00| 0 eng d | ||
| 040 | _aBD-DhSAU | ||
| 082 |
_222 _a630 _bSu59 |
||
| 100 |
_aSultana, Shefain _eRegistration # 04-01327 |
||
| 245 |
_aInfluence of nitrogen level and weeding on the performance of wheat / _bMS thesis _cShefain Sultana |
||
| 260 |
_aSher-e-Bangla Agricultural University : _bDepartment of Agronomy, _c2009. |
||
| 300 |
_aix, 47 p. : _bill. ; _c30 cm. |
||
| 500 | _aMS thesis of Department of Agronomy, Faculty of Agriculture, Sher-e-Bangla Agricultural University, Dhaka, Bangladesh | ||
| 504 | _aIncludes bibliographical reference. | ||
| 590 | _aJerin | ||
| 650 | _aAgronomy | ||
| 650 | _anitrogen | ||
| 650 | _a wheat | ||
| 700 |
_aAmin, A. K. M. Ruhul _eSuperviser |
||
| 700 |
_aIslam ,Md. Shahidul _eCo-superviser |
||
| 856 | _uhttp://archive.saulibrary.edu.bd:8080/xmlui/handle/123456789/1459 | ||
| 942 |
_2ddc _cTHESIS |
||
| 999 |
_c9156 _d9156 |
||